| 000 | 00000nam##2200000za#4500 |
| 001 | 9.699124 |
| 003 | CaOODSP |
| 005 | 20240527135429 |
| 007 | cr ||||||||||| |
| 008 | 150407|2000||||xxc|||||o f|0| 0 eng|d |
| 040 | |aCaOODSP|beng |
| 043 | |an-cn--- |
| 086 | 1 |aCW66-402/2000E-PDF |
| 110 | 2 |aCanadian Wildlife Service. |
| 245 | 10|aCanadian Landbird Monitoring Strategy : |h[electronic resource]|bmonitoring needs and priorities into the new millennium / |cprepared on behalf of Partners in Flight-Canada by Connie M. Downes, Erica H. Dunn, and Charles M. Francis. |
| 260 | |aHull - Quebec : |bEnvironment Canada. |cMarch 2000. |
| 300 | |a66p.|billus., references, tables |
| 590 | |a14-21-Supp|b2014-12-11 |
| 690 | 07|aEnvironmental conservation|2gcpds |
| 690 | 07|aBirds|2gcpds |
| 775 | 08|tStratégie nationale de surveillance des oiseaux terrestres : |w(CaOODSP)9.643178 |
| 856 | 40|ahttp://publications.gc.ca|qPDF|s683 KB|uhttps://publications.gc.ca/collections/collection_2014/ec/CW66-402-2000-eng.pdf |